00581nam a2200169Ia 4500008004100000041000800041082001500049100002300064245003200087260002200119300000800141365001600149700002300165906005400188999001900242952015000261230718s9999 xx 000 0 und d aeng a658.1bGOO aGoodman E.9172968 aGMAT Advanced 2009-2010 Ed. c2009bKaplan Pub. a386 cRs.b873.00 aGoodman E.9172968 dO:0073111-Mar-2010B:334811-Feb-2010cGENRLb174.6 c324502d324502 00104070aCCEPbCCEPd2010-03-11eTbsfGENRLg698.40i3348l0o658.1pCCEP-BK-35709r2023-07-18 00:00:00t174.6v873.00w2010-02-11yBKz035709